Statistics for Stardew Valley

Click here to take the quiz!

General Stats

  • This quiz has been taken 26 times
  • The average score is 7 of 15

Answer Stats

QuestionAnswer% Correct
Which of these crops can you only buy at The Oasis?Rhubarb
81%
Who is the Wizard's ex-wife?A witch
71%
Who teaches you how to make wild bait?Linus
67%
What does the bear in the secret woods want?Maple Syrup
67%
What days does the cart lady come?Fridays and Sundays
57%
What is Haley's favorite flower?Sunflower
57%
At what monster drop do you need to craft lightning rods?Bat wings
52%
Let's start easy. Who meets you at the bus stop when you arrive?Robin
52%
Which NPC likes to receive driftwood as a gift?Leah
43%
Which of these are a loved gift for Sam?Tiger's Eye
43%
Which fish is only caught in the rain?Red snapper
38%
At what fishing level do you learn how to craft the recycling machine?4
33%
What does Mr. Qi give you at level 100 in Skull Caverns?Snake Milk
33%
On what day does Krobus sell mixed seeds?Thursday
29%
Who thinks Marnie looks nice at the flower dance?Marlen
24%

Score Distribution

Percentile by Number Answered

Percent of People with Each Score

Your Score History

You have not taken this quiz